Star Wars characters by clue #1 - Statistics

General Stats
  • This quiz has been taken 76 times
  • The average score is 14 of 15
Answer Stats
Hint Answer % Correct
Other name is Anakin Skywalker Darth Vader
100%
Anakin Skywalker's son Luke Skywalker
100%
Purple lightsaber Mace Windu
100%
Was in love with the above Han Solo
96%
Droid created by Anakin C-3PO
94%
Padawan of the above Obi-Wan Kenobi
94%
Green and little jedi Yoda
94%
Best friend of the above Chewbacca
93%
Queen of Naboo Padme Amidala
93%
The emperor Darth Sidious
91%
Killed by Darth Maul in Phantom Menace Qui-Gon Jinn
91%
Best friend of the above R2-D2
91%
Bounty hunter killed by Mace Windu Jango Fett
81%
Sister of the above Leia Organa
78%
Evil podracer Sebulba
66%
No matching quizzes found
Score Distribution
Percent of People with Each Score
Percentile by Number Answered
Your Score History
You have not taken this quiz